000 04718cam a2200985 a 4500
999 _c56058
001 10246997
003 LIBRIS
005 20210217131233.0
008 061026s2007 sw |||||||||||000 0|swe|
020 _a9789100105327
_qinb.
035 _a(Bo)400421
035 _a(Mo)b1638785
040 _aLGEN
_dNB
_ea
041 _aswe
082 0 4 _a635.965
_223/swe
084 _aQefk
_2kssb/8
084 _aQefk
_2kssb/8
100 1 _aHidesäter, Malin,
_d1968-
_0https://libris.kb.se/rp36g9v91krt65t#it
245 1 0 _aFlower power :
_bbuketter och enkla arrangemang / Malin Hidesäter, text & Anna Skoog, foto
264 1 _aStockholm :
_bBonnier,
_c2007
264 3 _aVärnamo :
_bFälth & Hässler
300 _a127, [2] s.
_bfärgill.
_c24 cm
340 _b24 cm
500 _5Mo
_asvenska
541 0 _5E
650 7 _aBlomsterarrangemang
_0https://id.kb.se/term/sao/Blomsterarrangemang
_2sao
650 7 _aBlomsterbinderi
_0https://id.kb.se/term/sao/Blomsterbinderi
_2sao
650 0 _aFlower arrangement
655 7 _aHandböcker, manualer etc.
_0https://id.kb.se/term/saogf/Handb%C3%B6cker%2C%20manualer%20etc.
_2saogf
655 4 _5Mo
_aBok
700 1 _aSkoog, Anna,
_d1961-
_eprimaryRightsHolder
_4pht
_49pu
_0https://libris.kb.se/86lptnrs0p6d0x8#it
856 4 _uhttp://194.68.4.214/bilder/tif/9100105325.tif
_zOmslagsbild
887 _a{"@id":"7qjjv23k1mplzwm","modified":"2017-11-01T11:07:44+01:00","checksum":"66214063403"}
_2librisxl
887 _a{"@id":"6bj5mvnc3kg4fb8","modified":"2014-04-01T13:34:05+02:00","checksum":"37878954378"}
_2librisxl
887 _a{"@id":"bgnt40fh018pk2d","modified":"2010-11-10T19:12:04+01:00","checksum":"35800866291"}
_2librisxl
887 _a{"@id":"59hgmhvb0nw4mw4","modified":"2008-08-25T10:05:30+02:00","checksum":"33816990604"}
_2librisxl
887 _a{"@id":"6bjxgh7c278m5cl","modified":"2012-04-03T09:32:23+02:00","checksum":"49383862941"}
_2librisxl
887 _a{"@id":"w17scv022w5lrfq","modified":"2017-11-01T11:08:29+01:00","checksum":"38704027967"}
_2librisxl
887 _a{"@id":"sx40nzcz3zrzff2","modified":"2007-03-13T16:10:27+01:00","checksum":"45284358986"}
_2librisxl
887 _a{"@id":"sx5zhbbz03rzv7g","modified":"2015-06-22T10:41:16+02:00","checksum":"42370520090"}
_2librisxl
887 _a{"@id":"mrzzc55s5h9xp6s","modified":"2009-02-23T10:02:27+01:00","checksum":"29084672042"}
_2librisxl
887 _a{"@id":"26d8x8k751cm22g","modified":"2007-03-14T09:14:21+01:00","checksum":"43327914525"}
_2librisxl
887 _a{"@id":"48gbxrx929gjdzb","modified":"2007-02-28T10:40:06+01:00","checksum":"37881784502"}
_2librisxl
887 _a{"@id":"rw4xhj2x41ls4vz","modified":"2015-06-24T16:22:26+02:00","checksum":"33185347571"}
_2librisxl
942 _2z
_cBOOK